Nová soustava jednotek

Salvato in:
Dettagli Bibliografici
Autore principale: Šindelář, Václav
Altri autori: Beťák, Zdeněk
Natura: Libro
Lingua:ceco
Pubblicazione: Praha Státní pedagogické nakladatelství 1981
Serie:Odborná literatura pro učitele
Soggetti:
Tags: Aggiungi Tag
Nessun Tag, puoi essere il primo ad aggiungerne!!

MARC

LEADER 00000nam a2200000 4500
001 c119018
005 20150325111256.3
041 0 |a cze 
044 |a CZ 
245 1 0 |a Nová soustava jednotek  |c Václav Šindelář, Zdeněk Beťák 
264 1 |a Praha  |b Státní pedagogické nakladatelství  |c 1981 
300 |a 670 s. 
490 1 |a Odborná literatura pro učitele 
830 0 |a Odborná literatura pro učitele 
610 2 0 |a metrológia 
100 1 |a Šindelář, Václav 
700 1 |a Beťák, Zdeněk